00438nam a2200157Ia 4500001000500000005001700005008004100022041000800063082002000071100006700091245006900158260000900227300002800236650000800264654000800272513820260306145846.0260306t2017||||xx |||||||||||||| ||spa|| aESP a333.91021bS745 aSistema Nacional de Estadísticas de Recursos HídricoseAUT 0aCompendio nacional de estadísticas de recursos hídricos 2016 c2017 a224 páginas :c24 cm. aGEN aCAN